000 00366nam a2200169Ia 4500
003 0100
008 130303s9999 xx 000 0 und d
040 _cARRUPELIB
050 _aQ175.D25 1960
100 _aDanto, Arthur
245 _aPhilosophy of Science
260 _aCleveland
260 _bMeridian books
260 _C1960
300 _a477p
942 0 0 _01
999 _c46955
_d46955